<?xml version="1.0" encoding="UTF-8"?><?xml-stylesheet type="text/xsl" href="static/style.xsl"?><OAI-PMH xmlns="http://www.openarchives.org/OAI/2.0/" xmlns:xsi="http://www.w3.org/2001/XMLSchema-instance" xsi:schemaLocation="http://www.openarchives.org/OAI/2.0/ http://www.openarchives.org/OAI/2.0/OAI-PMH.xsd"><responseDate>2026-04-14T06:17:45Z</responseDate><request verb="GetRecord" identifier="oai:www.recercat.cat:2117/355739" metadataPrefix="marc">https://recercat.cat/oai/request</request><GetRecord><record><header><identifier>oai:recercat.cat:2117/355739</identifier><datestamp>2025-07-23T04:32:07Z</datestamp><setSpec>com_2072_1033</setSpec><setSpec>col_2072_452951</setSpec></header><metadata><record xmlns="http://www.loc.gov/MARC21/slim" xmlns:dcterms="http://purl.org/dc/terms/" xmlns:xsi="http://www.w3.org/2001/XMLSchema-instance" xmlns:doc="http://www.lyncode.com/xoai" xsi:schemaLocation="http://www.loc.gov/MARC21/slim http://www.loc.gov/standards/marcxml/schema/MARC21slim.xsd">
   <leader>00925njm 22002777a 4500</leader>
   <datafield ind2=" " ind1=" " tag="042">
      <subfield code="a">dc</subfield>
   </datafield>
   <datafield ind2=" " ind1=" " tag="720">
      <subfield code="a">Picó Calbet, Gaspar</subfield>
      <subfield code="e">author</subfield>
   </datafield>
   <datafield ind2=" " ind1=" " tag="260">
      <subfield code="c">2021-09-10</subfield>
   </datafield>
   <datafield ind2=" " ind1=" " tag="520">
      <subfield code="a">Aquest TFG pretén estudiar, descriure i analitzar el pla del porxo com estratègia d’accés a l’arquitectura basant-se en l’estudi del recorregut, de la “promenade architecturale” i de les diferents percepcions i sensacions que té l’espectador a l’hora de recórrer el viatge d’entrada, donant especial atenció a la importància del porxo a la construcció de l’accés. Per fer aquesta anàlisi es faran servir diferents exemples històrics que permetran entendre l’evolució del porxo, paral·lela a l’evolució de l’arquitectura. Per una banda, un exemple de recorregut clàssic i per una altra 2 exemples de recorreguts moderns. Per finalitzar s’analitzen 2 projectes contemporanis, des de l’emplaçament, amb la finalitat de comprendre la construcció del porxo com estratègia d’accés del projecte, fins a l’escala detall que permet entendre el sistema constructiu amb el que se li acaba de donar forma a l’espai estudiat.</subfield>
   </datafield>
   <datafield ind2=" " ind1=" " tag="520">
      <subfield code="a">This TFG aims to study, describe and analyse the plan of the porch as a strategy of access to architecture based on the study of the route, the “promenade architecturale” and the different perceptions and sensations that the spectator has when going through the entrance journey, paying special attention to the importance of the porch in the construction of the access. This analysis will be based on different historical examples that allow us to understand the evolution of the porch, parallel to the evolution of architecture. First of all, an example of a classical cut-out and secondly, 2 examples of modern cut-outs. Finally, 2 contemporary projects will be analysed from the site in order to understand the construction of the porch as an access strategy of the project, to the scale of detail that allows to understand the constructive system with which it has just been shaped.</subfield>
   </datafield>
   <datafield tag="653" ind2=" " ind1=" ">
      <subfield code="a">Àrees temàtiques de la UPC::Arquitectura::Tipologies d'edificis</subfield>
   </datafield>
   <datafield tag="653" ind2=" " ind1=" ">
      <subfield code="a">Àrees temàtiques de la UPC::Edificació::Elements constructius d'edificis::Elements de tancament</subfield>
   </datafield>
   <datafield tag="653" ind2=" " ind1=" ">
      <subfield code="a">Porches</subfield>
   </datafield>
   <datafield tag="653" ind2=" " ind1=" ">
      <subfield code="a">Space perception</subfield>
   </datafield>
   <datafield tag="653" ind2=" " ind1=" ">
      <subfield code="a">Art museum architecture -- United States -- Fort Worth</subfield>
   </datafield>
   <datafield tag="653" ind2=" " ind1=" ">
      <subfield code="a">Kahn, Louis I., 1901-1974 -- Criticism and interpretation</subfield>
   </datafield>
   <datafield tag="653" ind2=" " ind1=" ">
      <subfield code="a">Church buildings -- Japan -- Kōbe-shi</subfield>
   </datafield>
   <datafield tag="653" ind2=" " ind1=" ">
      <subfield code="a">Andō, Tadao, 1941- -- Criticism and interpretation</subfield>
   </datafield>
   <datafield tag="653" ind2=" " ind1=" ">
      <subfield code="a">Porxo | Recorregut | Estratègia | Aproximació Visual | Tècnica constructiva</subfield>
   </datafield>
   <datafield tag="653" ind2=" " ind1=" ">
      <subfield code="a">Porxos</subfield>
   </datafield>
   <datafield tag="653" ind2=" " ind1=" ">
      <subfield code="a">Espai -- Percepció</subfield>
   </datafield>
   <datafield tag="653" ind2=" " ind1=" ">
      <subfield code="a">Museus d'art -- Arquitectura -- Estats Units d'Amèrica -- Fort Worth</subfield>
   </datafield>
   <datafield tag="653" ind2=" " ind1=" ">
      <subfield code="a">Kahn, Louis I., -- 1901-1974 -- Crítica i interpretació</subfield>
   </datafield>
   <datafield tag="653" ind2=" " ind1=" ">
      <subfield code="a">Esglésies -- Japó -- Kobe</subfield>
   </datafield>
   <datafield tag="653" ind2=" " ind1=" ">
      <subfield code="a">Ando, Tadao, -- 1941- -- Crítica i interpretació</subfield>
   </datafield>
   <datafield ind2="0" ind1="0" tag="245">
      <subfield code="a">El porxo com estratègia d'accés</subfield>
   </datafield>
</record></metadata></record></GetRecord></OAI-PMH>